Vyaayaam DNyaankosh (Record no. 349268)
[ view plain ]
| 000 -LEADER | |
|---|---|
| fixed length control field | 005020000a22002170004500 |
| 005 - DATE AND TIME OF LATEST TRANSACTION | |
| control field | 20120302055740.0 |
| 040 ## - CATALOGING SOURCE | |
| Original cataloging agency | MAR |
| 245 ## - TITLE STATEMENT | |
| Title | Vyaayaam DNyaankosh |
| 250 ## - EDITION STATEMENT | |
| Edition statement | 1 |
| 260 ## - PUBLICATION, DISTRIBUTION, ETC. (IMPRINT) | |
| Place of publication, distribution, etc | Baroda:Dattatraya Chintaman Mujumdar,1944. |
| 300 ## - PHYSICAL DESCRIPTION | |
| Extent | 452p. |
| 365 ## - TRADE PRICE | |
| Price amount | 7/- |
| 650 ## - SUBJECT ADDED ENTRY--TOPICAL TERM | |
| Topical term or geographic name as entry element | Dnyaankosh |
| 650 ## - SUBJECT ADDED ENTRY--TOPICAL TERM | |
| Topical term or geographic name as entry element | Vyaayaam |
| 650 ## - SUBJECT ADDED ENTRY--TOPICAL TERM | |
| Topical term or geographic name as entry element | Prakaar |
| 650 ## - SUBJECT ADDED ENTRY--TOPICAL TERM | |
| Topical term or geographic name as entry element | Deshee-Videshee Prakaar-Vyaayaam |
| 650 ## - SUBJECT ADDED ENTRY--TOPICAL TERM | |
| Topical term or geographic name as entry element | Khel-Padhatee |
| 650 ## - SUBJECT ADDED ENTRY--TOPICAL TERM | |
| Topical term or geographic name as entry element | Gaanee-Khel |
| 650 ## - SUBJECT ADDED ENTRY--TOPICAL TERM | |
| Topical term or geographic name as entry element | Kasaratee-Videshee |
| 942 ## - ADDED ENTRY ELEMENTS (KOHA) | |
| Koha item type | Book |
| Withdrawn status | Lost status | Damaged status | Not for loan | Home library | Current library | Date acquired | Total Checkouts | Barcode | Date last seen | Price effective from |
|---|---|---|---|---|---|---|---|---|---|---|
| Institute For Oriental Study, Thane | Institute For Oriental Study, Thane | 12/02/2009 | IOS-12897 | 12/02/2009 | 12/02/2009 |